The sequence of the supernatural. (Record no. 14220)

000 -LEADER
fixed length control field 00616nam a2200193 a 4500
001 - CONTROL NUMBER
control field :::00012049$&:&@@
003 - CONTROL NUMBER IDENTIFIER
control field OkBaRHE
005 - DATE AND TIME OF LATEST TRANSACTION
control field 20000607103415.0
008 - FIXED-LENGTH DATA ELEMENTS--GENERAL INFORMATION
fixed length control field s1972 j 000 0 eng u
040 ## - CATALOGING SOURCE
Transcribing agency
100 1# - MAIN ENTRY--PERSONAL NAME
Personal name Ashcroft, J. Robert (James Robert).
245 14 - TITLE STATEMENT
Title The sequence of the supernatural.
260 ## - PUBLICATION, DISTRIBUTION, ETC. (IMPRINT)
Place of publication, distribution, etc Springfield, MO., :
Name of publisher, distributor, etc Gospel Publishing House
Date of publication, distribution, etc c1972
300 ## - PHYSICAL DESCRIPTION
Extent 79 p. ;
Dimensions 18 cm.
650 ## - SUBJECT ADDED ENTRY--TOPICAL TERM
Topical term or geographic name as entry element Assemblies of God
General subdivision Sermons
650 ## - SUBJECT ADDED ENTRY--TOPICAL TERM
Topical term or geographic name as entry element Christian Growth
942 ## - ADDED ENTRY ELEMENTS (KOHA)
Source of classification or shelving scheme
Koha item type Books
Copies
Shelving location Not for loan Date last seen Withdrawn status Damaged status Copy number Barcode Lost status Koha item type Permanent Location Source of classification or shelving scheme Date acquired Price effective from Full call number
General Stacks 2010-04-14  112049 BooksRHEMA Bible Training College 2010-04-142010-04-14BX 8769 .Z6A92